Bastille Songs - Statistics

General Stats
  • This quiz has been taken 210 times
  • The average score is 11 of 15
Answer Stats
Line Answer % Correct
Great clouds roll over the hills/ Bringing darkness from above Pompeii
99%
We sat and made a list/ Of all the things that we had Things we lost in the fire
86%
There's a hole in my soul/ I can't fill it, I can't fill it Flaws
83%
Are you going to age with grace?/ Are you going to age without mistakes? Oblivion
81%
As the friendship goes resentment grows/ We will walk our different ways Bad Blood
79%
Shut my eyes and count to ten/ It goes in one ear out the other Good Grief
79%
You go sleep with the fishes/ There's no room for you here Blame
72%
Deep in a corner of the night/ We were lying in the middle of the road Glory
72%
Standing on the cliff face/ Highest fall you'll ever grace Icarus
70%
Cause its easier to bury/ My head in the sand sometimes Snakes
67%
I'm swimming to the surface/ I'm coming up for air The Currents
65%
Never good just the bad and the ugly/ Laid in front of you Warmth
63%
Pain, just synapses firing in our brains/So when you cut me, cut me deep Power
57%
Got these itchy feet for a change of scene/ Do anything to escape it Lethargy
56%
The animals break out their cages/ Now chaos is raining down around us Way Beyond
51%
No matching quizzes found
Score Distribution
Percent of People with Each Score
Percentile by Number Answered
Your Score History
You have not taken this quiz